LIBRARY & INFORMATION CENTRE, KCAET, TAVANUR

ONLINE PUBLIC ACCESS CATALOGUE (OPAC)

Vara ganitha pravesika / (Record no. 6045)

MARC details
000 -LEADER
fixed length control field 00397cam a2200157ua 4500
041 ## - LANGUAGE CODE
Language code of text/sound track or separate title mal
082 ## - DEWEY DECIMAL CLASSIFICATION NUMBER
Classification number 515.1
Item number KOR/VA
100 ## - MAIN ENTRY--AUTHOR NAME
Personal name Koru, P K .
245 ## - TITLE STATEMENT
Title Vara ganitha pravesika /
250 ## - EDITION STATEMENT
Edition statement 1 /
260 ## - PUBLICATION, DISTRIBUTION, ETC. (IMPRINT)
Place of publication Thiruvananthapuram :
Name of publisher State Instititute of Languages ,
Year of publication 1955.
300 ## - PHYSICAL DESCRIPTION
Number of Pages 162 ; .
942 ## - ADDED ENTRY ELEMENTS (KOHA)
Koha item type Books
Holdings
Withdrawn status Lost status Damaged status Home library Current library Date acquired Full call number Accession Number Koha item type
Withdrawn     KAUAET KAUAET 07/04/2012 515.1 9495 Books
free website counter